Most Socially Progressive Countries - Statistics

General Stats
  • This quiz has been taken 215 times
  • The average score is 18 of 20
Answer Stats
Needs Wellbeing Answer % Correct
94.6 84.7 Sweden
99%
93.5 80.3 Canada
98%
93.6 86.9 Norway
98%
89.8 76.0 United States
97%
94.6 84.2 Finland
96%
95.7 84.8 Denmark
94%
92.5 80.3 Australia
93%
92.7 78.8 Belgium
93%
91.2 79.4 France
93%
93.1 85.0 Germany
93%
93.9 87.6 Netherlands
93%
94.3 88.2 Iceland
92%
91.7 85.0 New Zealand
92%
94.9 89.8 Switzerland
91%
91.9 79.5 United Kingdom
91%
94.6 86.4 Austria
88%
93.6 75.9 Ireland
86%
94.7 79.3 Japan
85%
87.1 84.4 Estonia
61%
92.1 83.6 Slovenia
54%
No matching quizzes found
Score Distribution
Percent of People with Each Score
Percentile by Number Answered
Your Score History
You have not taken this quiz